A modular curriculumn computer science / (Record no. 135801)

MARC details
000 -LEADER
fixed length control field 00675nam a22002177a 4500
005 - DATE AND TIME OF LATEST TRANSACTION
control field 20170124110250.0
010 ## - LIBRARY OF CONGRESS CONTROL NUMBER
LC control number A-235788
020 ## - INTERNATIONAL STANDARD BOOK NUMBER
Terms of availability 00.00
International Standard Book Number 9231021540
035 ## - SYSTEM CONTROL NUMBER
System control number A-235788
037 ## - SOURCE OF ACQUISITION
Source of stock number/acquisition Cen Lib/Ret
040 ## - CATALOGING SOURCE
Original cataloging agency DPL
Language of cataloging EN
082 ## - DEWEY DECIMAL CLASSIFICATION NUMBER
Classification number 375.51078
Item number MOD
110 ## - MAIN ENTRY--CORPORATE NAME
Corporate name or jurisdiction name as entry element UNESCO
9 (RLIN) 98520
245 ## - TITLE STATEMENT
Title A modular curriculumn computer science /
260 ## - PUBLICATION, DISTRIBUTION, ETC. (IMPRINT)
Name of publisher, distributor, etc UNESCO
Place of publication, distribution, etc Paris
Date of publication, distribution, etc 1984
270 ## - ADDRESS
City Paris
Address Place de fonteoy
Postal code 75007
300 ## - PHYSICAL DESCRIPTION
Extent 360p.
Dimensions 22cm(Hb)
650 ## - SUBJECT ADDED ENTRY--TOPICAL TERM
Topical term or geographic name as entry element Electronic data processing -- Study and teaching (Higher)
9 (RLIN) 98521
650 ## - SUBJECT ADDED ENTRY--TOPICAL TERM
Topical term or geographic name as entry element Computer engineering -- Study and teaching (Higher)
9 (RLIN) 98522
942 ## - ADDED ENTRY ELEMENTS (KOHA)
Source of classification or shelving scheme Dewey Decimal Classification
Koha item type English Books
Classification part 375.51078
Call number suffix MOD
Holdings
Withdrawn status Lost status Damaged status Not for loan Home library Current library Date acquired Source of acquisition Cost, normal purchase price Total Checkouts Full call number Barcode Date last seen Copy number Cost, replacement price Price effective from Koha item type Public note
Written off       Central Library Central Library 08/10/2015 Cen Lib/Ref 0.00   375.51078 MOD A-235788 08/10/2015 1 0.00 08/10/2015 English Books Written off on approval by DLB (By Circulation); dtd 15-06-2023

© Delhi Public Library
Hit Counter
free hit counter